000 00583nam a2200265Ia 4500
005 20260306164605.0
008 008 260114s9999 xx 000 0 eng d
020 _a9780300187212
037 _aEBOOK
040 _aCRL
040 _beng
040 _cCRL
041 _2eng
041 _aeng
084 _qCRL
100 _aJones
245 0 _aMyth, Memory, Trauma
260 _bYale University Press
260 _c2014
650 _aHistory
856 _uhttps://academic.oup.com/book/29752
942 _cEBOOK
999 _c1714644
_d1714644